La biotecnología vegetal en el futuro de la agricultura y la alimentación /

Resultado de la jornada de estudio organizada por el Foro Agrario y celebrada en el Palacio de Zurbano de Madrid el día 25 de septiembre de 2002. En ella se planteó la situación actual y las perspectivas de futuro que ofrece la ingeniería genética en el ámbito agrícola y específicamente en la produc...

Descripción completa

Guardado en:
Detalles Bibliográficos
Autor corporativo: Foro Agrario ( Madrid, España)
Otros autores: Urbano Terrón, Pedro (prólogo) (prólogo)
Formato: Procedimiento de la conferencia Libro
Idioma:Español
Publicado: Madrid, España : Mundi-Prensa, 2003, c2003
Temas:
Etiquetas: Agrega una etiqueta
Sin etiquetas, Sé el primero en etiquetar este registro!

MARC

LEADER 00000nam^a2200000^a^4500
001 000159259
005 20250521000000.0
009 20260310100641.517
020 |a 84-8476-125-8 
037 |a Acervo ITESO - Biblioteca 
041 |a ESP 
082 |a 660. 6  |b FOR 
111 |a Foro Agrario (  |d 2002 :  |c Madrid, España) 
245 1 3 |a La biotecnología vegetal en el futuro de la agricultura y la alimentación /  |c Pról. de P. Urbano Terrón. 
264 4 |a Madrid, España :  |b Mundi-Prensa,  |c 2003, c2003 
300 |a 277 p. 
336 |a texto  |b txt  |2 rdacontenido 
337 |a sin mediación  |b n  |2 rdamedio 
338 |a volumen  |b nc  |2 rdasoporte 
520 |a Resultado de la jornada de estudio organizada por el Foro Agrario y celebrada en el Palacio de Zurbano de Madrid el día 25 de septiembre de 2002. En ella se planteó la situación actual y las perspectivas de futuro que ofrece la ingeniería genética en el ámbito agrícola y específicamente en la producción vegetal para el sector alimenticio. Esta asociación es un órgano de pensamiento, expresión y debate sobre los grandes temas que afectan a la agricultura y el medio rural en España. Los planteamientos conjuntos fueron cuestiones como la importancia de las variedades transgénicas, los riesgos que pudieran ocurrir tanto en su consumo como en el medio ambiente. 
649 |a XX 
650 |a Alimentos Transgénicos 
650 |a Tecnología de Alimentos 
650 |a Agricultura -  |x Aspectos Tecnológicos 
650 |a Impacto Ambiental 
650 |a Ingeniería Ambiental 
650 |a Ingeniería Genética 
650 |a Biotecnología 
700 |a Urbano Terrón, Pedro  |e (prólogo) 
910 |a Fondo General 
920 |a Impresos - Libros 
930 |a Colección General 
905 |a 101 
901 |a 0500090619  |b IT1  |c ACC  |u 20250521 
902 |a https://opac.biblio.iteso.mx/vufind/Record/000159259